[Event "Serpukhov-C"]
[Site "Serpukhov"]
[Date "2004.08.29"]
[Round "4"]
[White "Alipov, Anatoli Al"]
[Black "Tairova, Elena"]
[Result "0-1"]
[WhiteElo "2148"]
[BlackElo "2241"]
[PlyCount "82"]
[EventDate "2004.08.26"]
[EventType "tourn"]
[EventRounds "13"]
[EventCountry "RUS"]
[EventCategory "1"]
[SourceTitle "EXT 2006"]
[Source "ChessBase"]
[SourceDate "2005.11.24"]
[SourceVersion "1"]
[SourceVersionDate "2005.11.24"]
[SourceQuality "1"]

1. e4 e6 2. d4 d5 3. Nd2 c5 4. dxc5 Bxc5 5. Nb3 Be7 6. exd5 exd5 7. Be3 Nf6 8. Nf3 0-0 9. Be2 a6 10. 0-0 Nbd7 11. c3 Re8 12. Qc2 Qc7 13. a4 Ne4 14. Rfd1 Ndf6 15. a5 Bd6 16. h3 Qe7 17. Re1 Bd7 18. Nbd4 Rac8 19. Bf1 Bc7 20. Ne2 Qd8 21. b4 Bb8 22. Bb6 Qe7 23. Rad1 Qxb4 24. Rb1 Qd6 25. Bd4 Ng5 26. Ng3 Nxf3+ 27. gxf3 h5 28. h4 Rxe1 29. Rxe1 Qf4 30. Qd1 Qxh4 31. Bxf6 gxf6 32. Re7 Be6 33. Qe1 Be5 34. Rxb7 Bxc3 35. Qe2 Bd4 36. Nh1 Qg5+ 37. Kh2 Be5+ 38. f4 Bxf4+ 39. Ng3 h4 40. Rb6 hxg3+ 41. fxg3 Be5 0-1